000 00730nam a2200253 i 4500
001 66608
003 ES-MaACL
005 20231218182110.0
007 t|
008 021127s2002 sp ||||0| spa d
020 _a84-95498-44-8
040 _aM-BN
_bspa
_cM-BN
080 _a821.134.2-32"19"
100 1 _aCano, Montserrat.
_934537
245 1 0 _aRetrato de la felicidad /
_cMontserrat Cano ; prólogo de Rosa Montero.
250 _a1ª ed.
260 _aMadrid :
_bSIAL,
_c[2002]
300 _a166 p. ;
_c21 cm.
490 1 _aSIAL narrativa ;
_v9
700 1 _aMontero, Rosa,
_d1951-
_982503
830 0 _aSial narrativa
_v9
_9183229
852 _aES-MaACL
_jL-27103
_bR.132652
999 _c66608
_d66608